=LDR 00000nam 2200000 4500 =001 INLIS000000000051034 =005 20200228045836 =035 ##$$a 0010-0817000217 =007 ta =020 ##$$a 978-602-7929-30-2 =040 ##$$a NBPDMAT =082 ##$$a 297.413 =090 ##$$a 297.413 Ibn a =100 ##$$a Ibnu Rajab Al-Hambali =245 1#$$a Amalan dahsyat di bulan ramadhan /$c Ibnu Rajab Al-Hambali; Penerjemah Yunan Abduh; Penyunting Syaiful Mujahidin =250 ##$$a Cet. 1 =260 ##$$a Surakarta :$b Al Qudwah Publishing,$c 2013 =300 ##$$a 158 hlm. ; $c 14 x 20 cm =650 #4$$a Puasa =700 #$$a Yunan Abduh =700 #$$a Syaiful Mujahidin H =850 ##$$a NBPDMAT =041 ##$$a Ind =008 200228################g##########0#ind## =084 ##$$a 297.413 IBN a =990 ##$$a 21702075 =990 ##$$a 21702074 =990 ##$$a 21702073 =990 ##$$a 21702072 =990 ##$$a 21702071 =990 ##$$a 21702075 =990 ##$$a 21702074 =990 ##$$a 21702073 =990 ##$$a 21702072 =990 ##$$a 21702071 =990 ##$$a 21702071 =990 ##$$a 21702075 =990 ##$$a 21702074 =990 ##$$a 21702073 =990 ##$$a 21702072 =990 ##$$a 21702072 =990 ##$$a 21702075 =990 ##$$a 21702074 =990 ##$$a 21702073 =990 ##$$a 21702071 =990 ##$$a 21702074 =990 ##$$a 21702075 =990 ##$$a 21702073 =990 ##$$a 21702072 =990 ##$$a 21702071 =990 ##$$a 21702073 =990 ##$$a 21702075 =990 ##$$a 21702074 =990 ##$$a 21702072 =990 ##$$a 21702071